| 000 | 00582nam a22001457a 4500 | ||
|---|---|---|---|
| 080 | _a342 L 563 | ||
| 100 | _aLerner, Natan | ||
| 245 | _aEsquema del Derecho Israelí | ||
| 260 |
_aJerusalén _bInstituto central de Relaciones Culturales israelíes _c1963 |
||
| 300 | _a78 P. | ||
| 490 |
_aCuadernos israelíes _vNª VIII |
||
| 650 |
_xderecho israelí _xdivisión de poderes _xPoder Ejecutivo _xPoder Legislativo _xPoder Judicial _xrégimen electoral _xderecho penal _xorganización judicial _xderecho civil _xderecho comercial _xteoría del estado |
||
| 945 |
_acd _d2016-06-21 |
||
| 999 |
_c4333 _d234837 |
||
| 942 | _6_ | ||